|
|
|
|
| LEADER |
01536nam a2200397 4500 |
| 001 |
ocn834585241 |
| 003 |
OCoLC |
| 005 |
20180501122008.0 |
| 006 |
m o d |
| 007 |
cr cn||||||||| |
| 008 |
130311s2013 ne a ob 001 0 eng d |
| 040 |
|
|
|a E7B
|b eng
|e pn
|c E7B
|d OCLCQ
|d OCLCO
|d OPELS
|d OCLCF
|d OCLCQ
|d DEBBG
|d GrThAP
|
| 020 |
|
|
|a 9780124076976
|q (electronic bk.)
|
| 020 |
|
|
|a 0124076971
|q (electronic bk.)
|
| 020 |
|
|
|a 9780124078468
|q (e-book)
|
| 020 |
|
|
|a 012407846X
|q (e-book)
|
| 035 |
|
|
|a (OCoLC)834585241
|
| 050 |
|
4 |
|a QH581.2
|b .I58 2013eb
|
| 082 |
0 |
4 |
|a 571.6
|2 23
|
| 049 |
|
|
|a TEFA
|
| 245 |
0 |
0 |
|a International review of cell and molecular biology.
|n Volume three hundred and three /
|c edited by Kwang W. Jeon.
|
| 246 |
3 |
0 |
|a International review of cell and molecular biology.
|n Volume 303
|
| 260 |
|
|
|a Amsterdam ;
|a Boston :
|b Elsevier/AP,
|c 2013.
|
| 300 |
|
|
|a 1 online resource (xi, 410 pages :) :
|b illustrations (some color).
|
| 336 |
|
|
|a text
|b txt
|2 rdacontent
|
| 337 |
|
|
|a computer
|b c
|2 rdamedia
|
| 338 |
|
|
|a online resource
|b cr
|2 rdacarrier
|
| 490 |
0 |
|
|a International review of cell and molecular biology ;
|v v. 303
|
| 504 |
|
|
|a Includes bibliographical references and index.
|
| 650 |
|
0 |
|a Cytology.
|
| 650 |
|
0 |
|a Molecular biology.
|
| 650 |
|
7 |
|a Cytology.
|2 fast
|0 (OCoLC)fst00886282
|
| 650 |
|
7 |
|a Molecular biology.
|2 fast
|0 (OCoLC)fst01024734
|
| 655 |
|
4 |
|a Electronic books.
|
| 700 |
1 |
|
|a Jeon, Kwang W.
|
| 856 |
4 |
0 |
|u https://www.sciencedirect.com/science/bookseries/19376448/303
|z Full Text via HEAL-Link
|